[Event "Berks & Bucks op"]
[Site "Maidenhead"]
[Date "2022.08.27"]
[Round "2"]
[White "Carter, Toby"]
[Black "Martin, Lewis"]
[Result "0-1"]
[WhiteElo "1891"]
[BlackElo "2151"]
[PlyCount "70"]
[EventDate "2022.08.27"]
[EventType "swiss"]
[EventRounds "6"]
[EventCountry "ENG"]
[SourceTitle "CBM 210 Extra"]
[Source "ChessBase"]
[SourceDate "2022.11.30"]
[SourceVersion "1"]
[SourceVersionDate "2022.11.30"]
[SourceQuality "1"]

1. e4 c5 2. c3 d5 3. exd5 Qxd5 4. d4 Nf6 5. Nf3 Bg4 6. Nbd2 Nc6 7. dxc5 0-0-0 8. Bc4 Qxc5 9. Qe2 e5 10. Bxf7 Qe7 11. Bb3 e4 12. h3 exf3 13. Qxe7 Bxe7 14. hxg4 fxg2 15. Rg1 Ne5 16. Rxg2 Nd3+ 17. Kd1 Bc5 18. f3 Rhe8 19. Rh2 Ne1 20. Rh3 h6 21. Bc4 Nh7 22. f4 Nf6 23. Be2 Ng2 24. b4 Ne3+ 25. Rxe3 Bxe3 26. Bf3 Ne4 27. Bxe4 Rxe4 28. Kc2 Rxf4 29. Nb3 Rf2+ 30. Kb1 Rd1 31. a4 g6 32. a5 h5 33. gxh5 gxh5 34. b5 h4 35. Ra4 h3 0-1